Exposições temporárias do museu de ciência e tecnologia - PUCRS: (Registro nro. 20639)

Detalles MARC
000 -CABECERA
Campo de control 00834nam a22002537a 4500
005 - FECHA Y HORA DE LA ULTIMA TRANSACCION
Campo de control 20191211100834.0
008 - ELEMENTOS DE LONGITUD FIJA—INFORMACION GENERAL
Campo de control 191211b xxu||||| |||| 00| 0 spa d
020 ## - ISBN
ISBN 9788574309750
040 ## - FUENTE DE CATALOGACIÓN
Agencia catalogadora original CO-BoIAVH
Agencia transcriptora CO-BoIAVH
041 ## - IDIOMA
Código de idioma para texto/pista de sonido o título separado Portugués
044 ## - PAÍS DE PUBLICACIÓN
País de publicación Brasil
082 ## - NUMERO DE CLASIFICACION DECIMAL DEWEY
Número de clasificación 069.074
Número del ítem J34
100 ## - ASIENTO PRINCIPAL--NOMBRE PERSONAL
9 (RLIN) 102098
Nombre personal Jeckel Neto, Emilio A.
245 ## - MENCION DE TITULO
Título Exposições temporárias do museu de ciência e tecnologia - PUCRS:
Parte restante del título Catalogo 2008-2009.
260 ## - PUBLICACION, DISTRIBUCION, ETC. (PIE DE IMPRENTA)
Lugar de publicación, distribución, etc. Porto Alegre:
Nombre del editor, distribuidor, etc. EDIPUCRS,
Fecha de publicación, distribución, etc. 2010.
300 ## - DESCRIPCION FISICA
Extensión 55 Páginas:
Otros detalles físicos fotografías,
Dimensiones 18 x 30 cm.
650 #0 - ASIENTO SECUNDARIO DE MATERIA - TERMINO TEMATICO
9 (RLIN) 101416
Término temático o nombre geográfico como elemento de entrada Exposiciones en museos
650 #0 - ASIENTO SECUNDARIO DE MATERIA - TERMINO TEMATICO
9 (RLIN) 36758
Término temático o nombre geográfico como elemento de entrada Ciencias naturales
650 #0 - ASIENTO SECUNDARIO DE MATERIA - TERMINO TEMATICO
9 (RLIN) 3775
Término temático o nombre geográfico como elemento de entrada Ciencia y tecnología
650 #0 - ASIENTO SECUNDARIO DE MATERIA - TERMINO TEMATICO
9 (RLIN) 102101
Término temático o nombre geográfico como elemento de entrada ambientes temáticos
700 ## - ASIENTO SECUNDARIO - NOMBRE PERSONAL
9 (RLIN) 102099
Nombre personal Sgorla de Almeida, Lucas
700 ## - ASIENTO SECUNDARIO - NOMBRE PERSONAL
9 (RLIN) 102100
Nombre personal Flores Monteiro, Simone
942 ## - ELEMENTOS ADICIONALES (KOHA)
Sistema de clasificación Dewey Decimal Classification
Tipo de ítem Libro
Existencias
Withdrawn status Lost status Sistema de Clasificación Damaged status No para préstamo Colección Ubicación Permanente Ubicación actual Fecha de adquisición Total Checkouts Número topográfico Inventario / Código de Barras Date last seen Ejemplar Price effective from Forma de adquisición Tipo de material
    Dewey Decimal Classification     General Bogotá Bogotá 11/12/2019   LB-069.074 J34e 043879 11/12/2019 Ej.1 11/12/2019 Canje Libro